000 00507nam a2200181 4500
999 _c168984
_d168984
005 20210413152836.0
010 _aENG-126787
020 _a9789384335304
_c695.00
035 _aEN-110319
037 _bDBAD/PUB
082 _a394.26
100 _aDwivedi, Rekha
245 _aHindu fast and festival /
_cby Rekha Dwivedi
260 _aDelhi
_bMukund Publication
_c2019
270 _aE-11/5, Krishna Nagar, Delhi
_e110051
300 _a216p.
_c22cm(Hb)
942 _2ddc
_cEN
_h394.26
_mDWI